| 000 | 00665nam a22002177a 4500 | ||
|---|---|---|---|
| 005 | 20231101140129.0 | ||
| 008 | 231023b |||||||| |||| 00| 0 eng d | ||
| 020 | _a9780340926994 | ||
| 082 |
_a302.23 _bDEA-R |
||
| 100 | _aDeacon,David | ||
| 245 |
_aResearching communications : _ba practical guide to methods in media and cultural analysis / _cDavid Deacon, Michael Pickering, Peter Golding, Graham Murdock |
||
| 250 | _a2nd ed. | ||
| 260 |
_aUSA _bOxford Univresity press _c2007 |
||
| 300 | _a430 | ||
| 500 | _aInclude Index | ||
| 650 | _aMass com | ||
| 700 | _aMichael Pickering | ||
| 700 | _aPeter Golding | ||
| 700 | _aGraham Murdock | ||
| 999 |
_c34625 _d34625 |
||